00684 2200241 4500001002100000005001700021008004100038020002200079035002400101040001200125082001500137084001900152100001700171245007800188260003300266300003100299440002400330650001500354700002500369850001200394990001800406990001800424INLIS00000000000695220160729115153.0  a978-979-26-9360-7 0010-061500000001073 aYOPDYOG 223a362.72 aK 363.72 Irf A aIRFAN AMALEE aAku belajar membuang sampahc/ Irfan Amalee; Editor, Ana Puspita Dewiyana aBandungbPelangi Mizanc2014 a28 hlm.b: ilus.c; 18 cm. aHalo balita : Value aKebersihan aAna Puspita Dewiyana aYOPDYOG a18068-PD/B.15 a18069-PD/B.15